000 00906nas a2200289 4500
001 BR0503100
003 BR-BrBNA
005 20231205105443.0
007 ta
008 230509b bl.|||p| |||| 00| 00por d
040 _aBR-BrBNA
_bpor
_cBiblioteca Nacional de Agricultura
041 _a(Pt)
072 _aP40
100 1 _aCarvalho, D.F. de
100 1 _aMontebeller, C.A.
100 1 _aFranco, E.M.
100 1 _aValcarcel, R.
100 1 _aBertol, I.
245 1 _aPadrões de precipitação e índices de erosividade para as chuvas de Seropédica e Nova Friburgo, RJ
650 _aPRECIPITAÇÃO PLUVIAL
650 _aEROSÃO
650 _aCHUVA
650 _aRIO DE JANEIRO
773 0 _tRevista Brasileira de Engenharia Agrícola e Ambiental (Brazil)
_xISSN 1415-4366
_g(Jan-Mar 2005), v. 9(1) p. 7-14
_wBR0503100
909 _a202311
_bLúcia
_c55
_dLúcia Elande
942 _2AGRIS
_n0
_cANA
999 _c183049
_d183049